Welcome to CU Library Online Public Access Catalogue (OPAC)

An Introduction to the Symptoms and Signs of Surgical Disease/ (Record no. 3755)

MARC details
000 -LEADER
fixed length control field 00470nam a22001577a 4500
005 - DATE AND TIME OF LATEST TRANSACTION
control field 20250209150356.0
008 - FIXED-LENGTH DATA ELEMENTS--GENERAL INFORMATION
fixed length control field 250209b |||||||| |||| 00| 0 eng d
020 ## - INTERNATIONAL STANDARD BOOK NUMBER
International Standard Book Number 9780340691458
050 ## - LIBRARY OF CONGRESS CALL NUMBER
Classification number RD35
Item number .B74
100 ## - MAIN ENTRY--PERSONAL NAME
Personal name Browse, Norman L.
245 ## - TITLE STATEMENT
Title An Introduction to the Symptoms and Signs of Surgical Disease/
Statement of responsibility, etc. Norman L. Browse
250 ## - EDITION STATEMENT
Edition statement 3rd ed.
260 ## - PUBLICATION, DISTRIBUTION, ETC.
Place of publication, distribution, etc. London
Name of publisher, distributor, etc. BookPower
Date of publication, distribution, etc. 1997
300 ## - PHYSICAL DESCRIPTION
Extent 456p.
Other physical details ill. some color
Dimensions 24.5cm
942 ## - ADDED ENTRY ELEMENTS (KOHA)
Source of classification or shelving scheme Library of Congress Classification
Koha item type Books
Edition 3rd ed.
Suppress in OPAC No
999 ## -
-- 3755
-- 3755
Holdings
Withdrawn status Lost status Source of classification or shelving scheme Damaged status Not for loan Collection Home library Current library Shelving location Date acquired Total checkouts Full call number Barcode Date last seen Copy number Price effective from Koha item type
    Library of Congress Classification     Non-fiction Science Library (Miotso) Science Library (Miotso) General stacks 02/09/2025   RD35 .B74 BRO SLM00003392 02/09/2025 1 02/09/2025 Books
© 2023-2024 Copyright: Central University Libraries. All Rights Reserved | Created by: Mahone Tech Office